00408nam a22001337a 4500082001200000100002200012245003100034260005300065300000800118650001200126942000700138952011200145999001700257 a264 SEL aSeline, Augustine aManagement Devotional 2017 aChennaibChristian Institute of Managementc2017 a435 aLiturgy cBK 00104070aHMIbHMIcGENd2017-09-08eBy Postg200.00l0o264 AUG C1p11003545r2026-01-16w2026-01-16yBK c20625d20625